000 00537nam a2200169 i 4500
001 33130
003 ES-MaACL
005 20230906154712.0
007 t|
008 030201s1967 sp ||||1| spa d
100 1 _aBernard, Madeleine.
_928249
245 1 3 _aEl servicio social en la empresa /
_cMadeleine Bernard.
260 _aBarcelona :
_bInstituto Católico de Estudios Sociales,
_c[1967]
300 _a190 p. ;
_c22 cm.
710 2 _aInstitut Catòlic d'Estudis Socials de Barcelona.
_94738
852 _aES-MaACL
_jC-34185
_bR.65239
999 _c33130
_d33130